Marketing research : (Record no. 101546)
[ view plain ]
| 000 -LEADER | |
|---|---|
| fixed length control field | 01987cam a2200289 a 4500 |
| 008 - FIXED-LENGTH DATA ELEMENTS--GENERAL INFORMATION | |
| fixed length control field | |
| 020 ## - INTERNATIONAL STANDARD BOOK NUMBER | |
| International Standard Book Number | 0256031835 |
| 049 ## - LOCAL HOLDINGS (OCLC) | |
| Holding library | MAIN |
| 090 ## - LOCALLY ASSIGNED LC-TYPE CALL NUMBER (OCLC); LOCAL CALL NUMBER (RLIN) | |
| Classification number (OCLC) (R) ; Classification number, CALL (RLIN) (NR) | HF5415.2 |
| 003 - CONTROL NUMBER IDENTIFIER | |
| control field | |
| 005 - DATE AND TIME OF LATEST TRANSACTION | |
| control field | 20230120193555.0 |
| 040 ## - CATALOGING SOURCE | |
| Transcribing agency | NUST |
| 100 1# - MAIN ENTRY--PERSONAL NAME | |
| Personal name | Boyd, Harper W. |
| 245 10 - TITLE STATEMENT | |
| Title | Marketing research : |
| Remainder of title | text and cases / |
| Statement of responsibility, etc. | Harper W. Boyd, Jr., Ralph Westfall, Stanley F. Stasch. |
| 250 ## - EDITION STATEMENT | |
| Edition statement | 6th ed. |
| 260 ## - PUBLICATION, DISTRIBUTION, ETC. | |
| Place of publication, distribution, etc. | Homewood, Ill. : |
| Name of publisher, distributor, etc. | R.D. Irwin, |
| Date of publication, distribution, etc. | 1985. |
| 300 ## - PHYSICAL DESCRIPTION | |
| Extent | xv, 836 p. : |
| Other physical details | ill. ; |
| Dimensions | 25 cm. |
| 504 ## - BIBLIOGRAPHY, ETC. NOTE | |
| Bibliography, etc. note | Includes bibliographical references. |
| 500 ## - GENERAL NOTE | |
| General note | Includes index. |
| 505 0# - FORMATTED CONTENTS NOTE | |
| Formatted contents note | Marketing research: a tool of management -- Scientific method -- Types of research I: exploratory -- Types of research II: conclusive -- Basic methods of collecting data -- Secondary data -- Decision trees, value of perfect information, and Bayesian analysis -- The marketing research process: planning the research project -- Data collection I: basic forms -- Data collection II: attitude measurement -- Introduction to sampling -- Application of sampling methods to marketing problems -- Data collection and the field force -- Tabulation of collected data -- Data analysis I: tests of significance--sampling statistics, chi-square analysis, and analysis of variance -- Data analysis II: explaining observed differences--cross-tabulation, correlation, and regression -- Data analysis III: explaining observed differences--linear discriminant analysis and automatic interaction detector -- Data analysis IV: identifying interdependencies--cluster analysis, factor analysis, and conjoint analysis -- Research presentation and research process evaluation -- Identifying market segments -- Product research -- Advertising research -- |
| 650 #0 - SUBJECT ADDED ENTRY--TOPICAL TERM | |
| Topical term or geographic name entry element | Marketing research. |
| 650 #0 - SUBJECT ADDED ENTRY--TOPICAL TERM | |
| Topical term or geographic name entry element | Marketing research |
| Form subdivision | Case studies. |
| 700 1# - ADDED ENTRY--PERSONAL NAME | |
| Personal name | Westfall, Ralph L. |
| 700 1# - ADDED ENTRY--PERSONAL NAME | |
| Personal name | Stasch, Stanley F. |
| 907 ## - LOCAL DATA ELEMENT G, LDG (RLIN) | |
| a | .b10038449 |
| b | 17-01-07 |
| c | 17-04-03 |
| 942 ## - ADDED ENTRY ELEMENTS (KOHA) | |
| Koha item type | Ordinary Loan Books |
| Call number prefix | HF5415.2 |
| Date last seen | Total Checkouts | Full call number | Barcode | Cost, replacement price | Price effective from | Koha item type | Lost status | Source of classification or shelving scheme | Damaged status | Not for loan | Collection | Withdrawn status | Home library | Current library | Shelving location | Date acquired | Cost, normal purchase price |
|---|---|---|---|---|---|---|---|---|---|---|---|---|---|---|---|---|---|
| 01/20/2023 | 28 | HF5415.2 BOY | 92004005032 | 80.00 | 01/20/2023 | BOOKS | LCC | NFIC | MAIN | MAIN | GEN | 01/20/2023 | 80.00 |